[Event "31st Andorra Open"]
[Site "La Massana AND"]
[Date "2013.07.26"]
[Round "7.8"]
[White "Sachdev,T"]
[Black "Alonso Rosell,A"]
[Result "1-0"]
[WhiteElo "2430"]
[BlackElo "2550"]

1.d4 d5 2.c4 c6 3.Nf3 Nf6 4.Nc3 dxc4 5.a4 Bf5 6.Ne5 Nbd7 7.Nxc4 Qc7 8.g3 e5
9.dxe5 Nxe5 10.Bf4 Nfd7 11.Bg2 g5 12.Ne3 gxf4 13.Nxf5 O-O-O 14.Qc2 fxg3 15.hxg3 Kb8
16.O-O h5 17.e3 Nc5 18.Rfd1 Ncd3 19.f4 Qc8 20.fxe5 Qxf5 21.Ne4 Bh6 22.Rxd3 h4
23.gxh4 Qxe5 24.Rad1 Rd5 25.Qf2 Rg8 26.Rxd5 cxd5 27.Nf6 Qe6 28.Nxd5 Qg4 29.Rc1 Qe4
30.Nf4 a6 31.a5 Rg4 32.Rd1 Qe7 33.Qd2 Bxf4 34.exf4 Qc5+ 35.Qf2 Qxa5 36.Rd7 Kc8
37.Rxf7 Rxg2+  1-0

[Event "III Brazil Maringa Open"]
[Site "Maringa BRA"]
[Date "2013.07.26"]
[Round "5.2"]
[White "Mareco,S"]
[Black "Fernandez,Dani"]
[Result "1-0"]
[WhiteElo "2562"]
[BlackElo "2398"]

1.d4 d5 2.c4 c6 3.Nf3 Nf6 4.Nc3 dxc4 5.a4 Bf5 6.Ne5 Nbd7 7.Nxc4 Nb6 8.Ne5 a5
9.e3 g6 10.Bd3 Bxd3 11.Nxd3 Bg7 12.Qb3 O-O 13.O-O Nfd7 14.Ne2 Qc7 15.e4 Nc8
16.Be3 Qb6 17.Qc3 Nd6 18.Ng3 Qa6 19.b3 Rac8 20.e5 Nf5 21.Nxf5 gxf5 22.Rac1 e6
23.Qd2 Kh8 24.Nf4 Rfd8 25.Nh5 Rg8 26.Bg5 Qb6 27.Rc3 Qb4 28.Rfc1 c5 29.Qd1 Bf8
30.Bf6+ Nxf6 31.Nxf6 Rg6 32.dxc5 Rxc5 33.Rxc5 Bxc5 34.Rxc5 Qxc5 35.Qd8+ Kg7
36.Qg8+ Kh6 37.Qxh7+ Kg5 38.Qh5+  1-0

[Event "Sparkassen Open A 2013"]
[Site "Dortmund GER"]
[Date "2013.07.27"]
[Round "1.31"]
[White "Schorra,H"]
[Black "Adiyaman,Rene"]
[Result "1/2-1/2"]
[WhiteElo "2083"]
[BlackElo "1822"]

1.d4 d5 2.Nf3 c6 3.c4 Nf6 4.Nc3 dxc4 5.a4 Bf5 6.Ne5 e6 7.f3 Bb4 8.Nxc4 Nd5
9.Bd2 Qh4+ 10.g3 Qxd4 11.e4 Nxc3 12.bxc3 Bxc3 13.Ra2 Bg6 14.Qc1 Bxd2+ 15.Rxd2 Qf6
16.Nd6+ Kf8 17.Nxb7 Nd7 18.Bg2 Qe7 19.Qxc6 Ne5 20.Qa6 Qb4 21.Qb5 Qxb5 22.axb5 Rb8
23.Nd6 f6 24.Ke2 Nf7 25.Ra1 Nxd6 26.Rxd6 Ke7 27.Rc6 Rb7 28.Ke3 Be8 29.Rc8 Rf8
30.Bf1 Bxb5 31.Rxf8 Kxf8 32.Bxb5 Rxb5 33.Rxa7 Kg8 34.f4 h6 35.h4 Kh7 36.Re7 e5
37.Kf3 exf4 38.gxf4 Kg6 39.e5 fxe5 40.fxe5 Kf5 41.Rxg7 Rxe5 42.h5 Re6 43.Rg6 Rxg6
44.hxg6  1/2-1/2

[Event "ch-AUT 2013"]
[Site "Feldkirch AUT"]
[Date "2013.07.27"]
[Round "8.14"]
[White "Hupfer,R"]
[Black "Bezler,R"]
[Result "1-0"]
[WhiteElo "1905"]
[BlackElo "2217"]

1.d4 d5 2.Nf3 Nf6 3.c4 c6 4.Nc3 dxc4 5.a4 Bf5 6.e3 e6 7.Bxc4 Bb4 8.O-O O-O
9.Qb3 Qb6 10.Ne5 Nbd7 11.Nxd7 Nxd7 12.Rd1 Nf6 13.Bd2 Bd6 14.Qxb6 axb6 15.f3 e5
16.dxe5 Bxe5 17.e4 Bd4+ 18.Kf1 Be6 19.Bxe6 fxe6 20.Ke2 Rfd8 21.Be3 e5 22.Rd3 Rd7
23.Rad1 Rad8 24.Bc1 Kf7 25.Nb1 Ne8 26.Na3 Nd6 27.b3 Ke6 28.Be3 c5 29.Bg5 Ra8
30.Be3 b5 31.Nxb5 Nxb5 32.axb5 Ra5 33.b4 Ra2+ 34.R1d2 Rxd2+ 35.Rxd2 c4 36.Rc2 Rc7
37.g3 Rc8 38.f4 g6 39.Rc1 Bb2 40.Rc2 c3 41.Kd3 Rd8+ 42.Kc4 Rd1 43.Re2 h5
44.fxe5 Kxe5 45.Bf4+ Ke6 46.Be3 Rd7 47.Bf4 Rg7 48.Rc2 Rd7 49.Re2 Rd8 50.Kb3 Kf6
51.h4 Rd3 52.Kc4 Rf3 53.Bg5+ Ke6 54.Bf4 g5 55.Bxg5 Rxg3 56.Rf2 Rh3 57.Kb3 Rd3
58.Rf6+ Ke5 59.Rf7 b6 60.Rf6 Rd6 61.Rxd6 Kxd6 62.Bf6 Bc1 63.Bd4 Kc7 64.Kxc3 Bf4
65.Kc4 Bg3 66.Bf6 Kd6 67.Kd4 Bf2+ 68.Kd3 Bg3 69.Ke3 Be1 70.Kf4 Ke6 71.Bd8 Bd2+
72.Kf3 Be1 73.Bxb6 Bxh4 74.Bc7 Be1 75.Kf4 Bd2+ 76.Kg3 Be1+ 77.Kh3 Kd7 78.b6 Bxb4
79.Kh4 Ba5 80.Kxh5 Ke6 81.Kg4 Kf6 82.Bd8+  1-0

[Event "III Brazil Maringa Open"]
[Site "Maringa BRA"]
[Date "2013.07.27"]
[Round "6.8"]
[White "Cavalcanti,F"]
[Black "Oliveira,Fernando Henrique"]
[Result "1/2-1/2"]
[WhiteElo "2289"]
[BlackElo "2116"]

1.d4 d5 2.Nf3 Nf6 3.c4 c6 4.Nc3 dxc4 5.a4 Bf5 6.e3 e6 7.Bxc4 Bb4 8.O-O O-O
9.Qe2 Bg6 10.Ne5 Nbd7 11.Nxg6 hxg6 12.Rd1 Qe7 13.e4 e5 14.d5 cxd5 15.Nxd5 Nxd5
16.Bxd5 Nb6 17.Bb3 Rfd8 18.a5 Rxd1+ 19.Qxd1 Nd7 20.Qg4 Nf8 21.Bg5 Qc7 22.a6 bxa6
23.g3 Rb8 24.Rc1 Qd6 25.Bd5 Bc5 26.b4 Rxb4 27.Qc8 Rb5 28.Qe8 Qd7 29.Qxd7 Nxd7
30.Bc6 Ba3 31.Ra1 Bb2 32.Bxb5 axb5 33.Rxa7 Nc5 34.Ra8+ Kh7 35.Ra5 Nxe4 36.Rxb5 Bd4
37.Be3 Bxe3 38.fxe3 f6 39.Kg2 g5 40.Kf3 Nd6 41.Rd5 Nf5 42.Ke4 Kg6 43.Rd2 g4  1/2-1/2

[Event "5th Rethymno Open"]
[Site "Rethymno GRE"]
[Date "2013.07.29"]
[Round "3.9"]
[White "Ashwin,J"]
[Black "Serntedakis,A"]
[Result "1-0"]
[WhiteElo "2470"]
[BlackElo "1972"]

1.d4 d5 2.c4 c6 3.Nf3 Nf6 4.Nc3 dxc4 5.a4 Bf5 6.Ne5 Nbd7 7.Nxc4 Qc7 8.Qd2 e6
9.Qf4 Qxf4 10.Bxf4 Nb6 11.Nd6+ Bxd6 12.Bxd6 O-O-O 13.Bc5 Kb8 14.f3 Rhe8 15.e4 Bg6
16.Be2 Nc8 17.Rd1 e5 18.dxe5 Rxd1+ 19.Kxd1 Rxe5 20.Bf2 Re8 21.Kc1 Rd8 22.Bg3+ Ka8
23.Bh4 Rd7 24.Bxf6 gxf6 25.g4 Kb8 26.f4 h6 27.Rg1 Kc7 28.Rg3  1-0

[Event "Politiken Cup 2013"]
[Site "Helsingor DEN"]
[Date "2013.07.30"]
[Round "5.40"]
[White "Haugli,P"]
[Black "Jepsen,T2"]
[Result "1-0"]
[WhiteElo "2287"]
[BlackElo "2079"]

1.d4 d5 2.c4 c6 3.Nf3 Nf6 4.Nc3 dxc4 5.a4 Bf5 6.e3 e6 7.Bxc4 Bb4 8.O-O O-O
9.Nh4 Bg4 10.f3 Bh5 11.g4 Nd5 12.Qe1 Be7 13.Ng2 Bg6 14.Qe2 Nd7 15.e4 Nxc3
16.bxc3 e5 17.Be3 Qa5 18.Qc2 Nb6 19.Bb3 Nd5 20.Bd2 exd4 21.cxd4 Bb4 22.Bxb4 Nxb4
23.Qc3 c5 24.dxc5 Rac8 25.Rab1 Qxc5+ 26.Qxc5 Rxc5 27.Bxf7+ Bxf7 28.Rxb4 b6
29.Rd4 Bb3 30.Rb4 Bc2 31.Ne3 Bd3 32.Rf2 Rc1+ 33.Kg2 Re1 34.Nf5 g6 35.Nh6+ Kg7
36.Rd4 Kxh6 37.Rxd3 Ra1 38.Rd4 Rc8 39.h4 Rcc1 40.Kg3 Rg1+ 41.Rg2 Rgd1 42.Rxd1 Rxd1
43.Rc2 Rd7 44.Kf4 Kg7 45.Ke5 Kf7 46.Rc6 Ke7 47.f4 Rb7 48.f5 gxf5 49.gxf5 b5
50.axb5 Rxb5+ 51.Kf4  1-0

[Event "Politiken Cup 2013"]
[Site "Helsingor DEN"]
[Date "2013.07.31"]
[Round "6.12"]
[White "Colpe,M"]
[Black "Hector,J"]
[Result "0-1"]
[WhiteElo "2311"]
[BlackElo "2509"]

1.d4 d5 2.c4 c6 3.Nf3 Nf6 4.Nc3 dxc4 5.a4 Bf5 6.Ne5 Nbd7 7.Nxc4 Qc7 8.g3 e5
9.dxe5 Nxe5 10.Bf4 Nfd7 11.Bg2 f6 12.O-O g5 13.Nxe5 gxf4 14.Nxd7 Qxd7 15.a5 Qxd1
16.Raxd1 a6 17.gxf4 Be7 18.e4 Be6 19.Ne2 Bb3 20.Rd2 Bb4 21.Nc3 Ke7 22.Ra1 Rad8
23.Re2 Rd3 24.e5 f5 25.Re3 Rhd8 26.Bh3 Be6 27.Rg3 Rxg3+ 28.hxg3 Rd2 29.Nd1 Bc5
30.Rc1 Bd4 31.b4 Rd3 32.Kh2 Rb3 33.Ne3 Bxe3 34.fxe3 Rxb4 35.Rd1 c5 36.Rd6 c4
37.Bf1 c3 38.Rd1 c2 39.Rc1 Rb1 40.Rxc2 Rxf1 41.Rc7+ Kd8 42.Rc3 Rd1 43.Kh3 Rh1+
44.Kg2 Bd5+  0-1

[Event "Sparkassen Open A 2013"]
[Site "Dortmund GER"]
[Date "2013.08.01"]
[Round "6.18"]
[White "Bausch,T"]
[Black "Krueger,An"]
[Result "0-1"]
[WhiteElo "1969"]
[BlackElo "2120"]

1.d4 d5 2.c4 c6 3.Nf3 Nf6 4.Nc3 dxc4 5.a4 Bf5 6.Ne5 Nbd7 7.Nxc4 Qc7 8.g3 e5
9.dxe5 Nxe5 10.Bf4 Nfd7 11.Nxe5 Nxe5 12.Bg2 Be6 13.Rc1 Rd8 14.Qc2 f6 15.O-O Bb4
16.Rfd1 Rxd1+ 17.Rxd1 Qa5 18.Qe4 O-O 19.Qc2 g6 20.Be4 Kg7 21.h4 Ng4 22.Bd6 Bxd6
23.Rxd6 Qc5  0-1

[Event "5th Rethymno Open"]
[Site "Rethymno GRE"]
[Date "2013.08.01"]
[Round "6.16"]
[White "Johansen,Te"]
[Black "Kalogridakis,Georgios"]
[Result "0-1"]
[WhiteElo "2264"]
[BlackElo "2058"]

1.d4 d5 2.c4 c6 3.Nf3 Nf6 4.Nc3 dxc4 5.a4 Bf5 6.e3 e6 7.Bxc4 Bb4 8.O-O Nbd7
9.Qe2 Bg6 10.Rd1 O-O 11.Bd2 a5 12.Bd3 Bxd3 13.Qxd3 Qe7 14.e4 e5 15.d5 Nc5
16.Qc4 Bxc3 17.Bxc3 Ncxe4 18.dxc6 Nxc3 19.Qxc3 e4 20.Nd4 bxc6 21.Nxc6 Qc7
22.Rac1 Rfe8 23.h3 e3 24.fxe3 Ne4 25.Qe1 Qb6 26.b4 axb4 27.Qxb4 Qxe3+ 28.Kh2 Qg3+
29.Kg1 Nf2 30.Rf1 Re2 31.Ne7+ Kh8 32.Qb7 Nxh3+ 33.Kh1 Re8 34.Nf5 Nf2+ 35.Kg1 Nh3+
36.Kh1 Nf2+ 37.Kg1 Qe5 38.Qxf7 Nh3+ 39.Kh1 Nf2+ 40.Kg1 Ng4 41.Qc7 Qb2 42.Qg3 Qb6+
43.Kh1 Qg6 44.a5 Ra2 45.Nd6 Nf2+ 46.Kh2 Qh6+ 47.Kg1 Qh1+  0-1

[Event "Politiken Cup 2013"]
[Site "Helsingor DEN"]
[Date "2013.08.02"]
[Round "8.137"]
[White "Fossan,Andreas"]
[Black "Hansen,Ole Foss"]
[Result "1/2-1/2"]
[WhiteElo "1622"]
[BlackElo "1779"]

1.d4 d5 2.c4 c6 3.Nf3 Nf6 4.Nc3 dxc4 5.a4 Bf5 6.Ne5 Nbd7 7.Nxc4 e6 8.Bg5 h6
9.Bh4 Be7 10.f3 O-O 11.e4 Bh7 12.Be2 c5 13.Bf2 b6 14.dxc5 Nxc5 15.O-O Nh5
16.Qc2 Qc7 17.Rfd1 Rfd8 18.a5 Rxd1+ 19.Rxd1 Rd8 20.axb6 axb6 21.Nb5 Rxd1+
22.Qxd1 Qd8 23.Qxd8+ Bxd8 24.Na7 Nf4 25.Kf1 Nfd3 26.Bxd3 Nxd3 27.Bxb6 Bxb6
28.Nxb6 Nxb2 29.Nc6 Nd3 30.Ke2 Nf4+ 31.Kf2 f5 32.exf5 exf5 33.g3 Ne6 34.f4 g5
35.Nd5 Kg7 36.Nce7 Kf7 37.Ke3 Nc5 38.fxg5 hxg5 39.h4 g4 40.Kf4 Ne6+ 41.Ke5 Ng7
42.Nf6 Bg6 43.h5 Bxh5 44.Nxh5 Nxh5 45.Kxf5 Kxe7  1/2-1/2

[Event "14th ch-EUR Ind w"]
[Site "Belgrade SRB"]
[Date "2013.08.03"]
[Round "11.14"]
[White "Kashlinskaya,A"]
[Black "Goryachkina,A"]
[Result "1-0"]
[WhiteElo "2334"]
[BlackElo "2401"]

1.d4 d5 2.c4 c6 3.Nc3 Nf6 4.Nf3 dxc4 5.a4 Bf5 6.e3 e6 7.Bxc4 Bb4 8.O-O O-O
9.Qe2 Bg6 10.Ne5 Nbd7 11.Nxg6 hxg6 12.Rd1 Qa5 13.Na2 Be7 14.Bd2 Qh5 15.Qxh5 gxh5
16.Nc3 Bb4 17.a5 c5 18.dxc5 Bxc5 19.Be2 Rab8 20.Nb5 a6 21.Na3 Ne4 22.Be1 Ndf6
23.b4 Be7 24.f3 Nd6 25.e4 Nfe8 26.Bf2 Nc7 27.Bc5 Rfd8 28.Rac1 Nce8 29.Nc4 Bg5
30.Be3 Bxe3+ 31.Nxe3 Rdc8 32.e5 Nb5 33.Bxb5 axb5 34.h4 Kf8 35.g4 g6 36.Kf2 hxg4
37.fxg4 Ke7 38.h5 gxh5 39.gxh5 f6 40.Ng4 fxe5 41.Nxe5 Nf6 42.h6 Rxc1 43.Rxc1 Ra8
44.Kf3 Nd5 45.Ng6+ Kf7 46.Rg1 Nf6 47.Ne5+ Ke7 48.Rg7+ Kd6 49.Nf7+ Ke7 50.Ng5+ Kd6
51.h7 Rf8 52.h8=Q  1-0

[Event "Sparkassen Open A 2013"]
[Site "Dortmund GER"]
[Date "2013.08.03"]
[Round "8.12"]
[White "Boehm,Ju2"]
[Black "Garbuszus,J"]
[Result "1/2-1/2"]
[WhiteElo "2189"]
[BlackElo "2071"]

1.d4 d5 2.c4 c6 3.Nf3 Nf6 4.Nc3 dxc4 5.a4 Bf5 6.Ne5 Nbd7 7.Nxc4 Nb6 8.Ne5 a5
9.Bg5 h6 10.Bh4 g5 11.Bg3 e6 12.f3 Nh5 13.Bf2 f6 14.Nd3 Bg6 15.e4 Be7 16.Qb3 Nd7
17.Qxb7 Rc8 18.Rd1 O-O 19.Nc5 Rc7 20.Qb3 Nxc5 21.dxc5 Qc8 22.Bc4 Bf7 23.g3 Rb7
24.Qa2 Qb8 25.Rd2 Ng7 26.Ke2 Qa7 27.Rc1 Bxc5 28.Nd1 Bxf2 29.Nxf2 f5 30.exf5 Nxf5
31.Rc3 Nd4+ 32.Kf1 e5 33.Kg2 Bxc4 34.Qxc4+ Kg7 35.Ne4 Rbf7 36.Nc5 Rf6 37.Re3 Qf7
38.Qxf7+ R8xf7 39.Rdd3 g4 40.Rxe5 Nxf3 41.Re2 Ng5 42.Rde3 Nh3 43.Re7 Rf2+
44.Rxf2 Rxe7 45.Rf1 Re2+ 46.Kh1 Nf2+ 47.Kg1 Nh3+ 48.Kh1 Rxb2 49.Ne6+ Kg8
50.Rc1 h5 51.Re1 Nf2+ 52.Kg1 Nh3+ 53.Kh1 Rb4 54.Nf4 Nxf4 55.gxf4 Rxf4 56.Re5 Rxa4
57.Rxh5 Kf7 58.Rc5 Ke6 59.Rxc6+ Kd5 60.Ra6 Ke4 61.Kg2 Ra3 62.Ra8 a4 63.Re8+ Kf4
64.Rf8+ Ke3 65.Kg3 Ra2 66.Re8+ Kd3 67.Kxg4 Ra1 68.Rd8+ Kc3 69.Rc8+ Kb4 70.Rb8+ Kc5
71.Ra8  1/2-1/2

[Event "XX Feria de las Flores 2013"]
[Site "Medellin COL"]
[Date "2013.08.04"]
[Round "2.6"]
[White "Castaneda,J"]
[Black "Mosquera,M"]
[Result "0-1"]
[WhiteElo "2164"]
[BlackElo "2398"]

1.d4 d5 2.Nf3 Nf6 3.c4 c6 4.Nc3 dxc4 5.a4 Bf5 6.e3 e6 7.Bxc4 Bb4 8.O-O O-O
9.Qe2 Ne4 10.Nxe4 Bxe4 11.Bd3 Qd5 12.Bxe4 Qxe4 13.Rd1 Nd7 14.Ng5 Qd5 15.e4 Qa5
16.e5 Be7 17.Qg4 Rad8 18.Nf3 Kh8 19.Bg5 Bxg5 20.Nxg5 h6 21.Qh4 c5 22.dxc5 Nxe5
23.Qe4 hxg5 24.Qxe5 Rxd1+ 25.Rxd1 Qxa4 26.Rf1 g4 27.f3 Kg8 28.fxg4 Qxg4 29.h3 Qa4
30.Rf4 Qc6 31.b4 f6 32.Qa1 Rd8 33.Rg4 Kf7 34.Rg3 Qc7 35.Rf3 a6 36.Qe1 Rd5
37.Re3 Qd7 38.Qg3 Rd4 39.Rb3 e5 40.Qf3 e4 41.Qh5+ Kg8 42.Qg6 Rd3 43.Rb1 e3
44.Qe4 f5 45.Qe5 f4 46.Qb8+ Qd8 47.Qxf4 Rd1+ 48.Rxd1 Qxd1+ 49.Kh2 e2 50.Qc4+ Kf8
51.Qf4+ Ke7 52.Qc7+ Ke6 53.Qc8+ Qd7 54.Qg8+ Qf7 55.Qc8+ Ke5 56.Qb8+ Ke4  0-1

[Event "5th Rethymno Open"]
[Site "Rethymno GRE"]
[Date "2013.08.04"]
[Round "9.14"]
[White "Theodorou,Nikolas"]
[Black "Harestad,H"]
[Result "1-0"]
[WhiteElo "2125"]
[BlackElo "2318"]

1.d4 d5 2.c4 c6 3.Nf3 Nf6 4.Nc3 dxc4 5.a4 Bf5 6.e3 e6 7.Bxc4 Bb4 8.O-O O-O
9.Qe2 Bg6 10.Ne5 Nbd7 11.Nxg6 hxg6 12.Rd1 Qa5 13.Bd2 Rad8 14.Na2 Bxd2 15.Qxd2 Qc7
16.Qc2 Ng4 17.g3 g5 18.Nc3 Nb6 19.Ne4 Qe7 20.Be2 Nh6 21.Qc5 Qxc5 22.dxc5 Nd7
23.b4 g4 24.Nd6 Rb8 25.Nc4 Nf6 26.Na5 Nd5 27.b5 Nc3 28.Rd2 Rfc8 29.Rc1 Nxe2+
30.Rxe2 cxb5 31.axb5 Kf8 32.Rd2 Ke8 33.Nb3 Rd8 34.Ra1 a6 35.Rxd8+ Kxd8 36.b6 Ke8
37.Na5 f5 38.Rb1 Nf7 39.Nxb7 Rxb7 40.c6 Nd6 41.cxb7 Nxb7 42.Rc1 Kd8 43.Rc7 Nd6
44.Rxg7 Kc8 45.Ra7 Kb8 46.Rxa6 Kb7 47.Ra7+  1-0

[Event "9th Tabor Open 2013"]
[Site "Tabor CZE"]
[Date "2013.08.04"]
[Round "9.50"]
[White "Krnak,Vladimir"]
[Black "Privoznik,Lubos"]
[Result "1-0"]
[WhiteElo "1808"]
[BlackElo "1676"]

1.d4 d5 2.c4 c6 3.Nc3 Nf6 4.Nf3 dxc4 5.a4 Bf5 6.e3 e6 7.Bxc4 Nbd7 8.h3 Nb6
9.Ba2 Bb4 10.Bd2 O-O 11.O-O Bd3 12.Re1 Qe7 13.Ne2 Bd6 14.Bc3 Be4 15.Nd2 Bd5
16.b3 Rad8 17.f3 e5 18.Qc2 e4 19.f4 Rfe8 20.Ng3 g5 21.fxg5 Nfd7 22.Nf5 Qe6
23.Nxd6 Qxd6 24.Nf1 Re6 25.Qf2 Rf8 26.Qg3 Qxg3 27.Nxg3 Rg6 28.Bb4 Re8 29.h4 Nf8
30.Nf5 Rd8 31.Ne7+  1-0

[Event "FSGM August 2013"]
[Site "Budapest HUN"]
[Date "2013.08.05"]
[Round "3.4"]
[White "Idani,P"]
[Black "Jia,H"]
[Result "1-0"]
[WhiteElo "2479"]
[BlackElo "2363"]

1.d4 d5 2.c4 c6 3.Nf3 Nf6 4.Nc3 dxc4 5.a4 Bf5 6.Ne5 Nbd7 7.Nxc4 Nb6 8.Ne5 a5
9.Bg5 Nbd5 10.f3 h6 11.e4 hxg5 12.exd5 Nxd5 13.Nxd5 Qxd5 14.Bc4 Qd6 15.Bxf7+ Kd8
16.Qd2 Kc7 17.Bb3 Be6 18.Bxe6 Qxe6 19.Qxg5 Qf6 20.Qe3 Rd8 21.f4 e6 22.O-O Rd5
23.g3 Bb4 24.Rac1 Rhd8 25.Nf3 Kb8 26.Rc2 Bd6 27.Re1 Re8 28.Kg2 Bc7 29.Rc4 Bb6
30.Qb3 Bxd4 31.Rxc6 Qf5 32.Rc4 Bf6 33.Rce4 Rc8 34.R1e2 Rc6 35.Qe3 Rdd6 36.Ne5 Rc7
37.Nc4 Rd1 38.b3 Qd5 39.Qf3 Bd4 40.Re1 Rxe1 41.Rxe1 Rc5 42.Rd1 Qxf3+ 43.Kxf3 Bf6
44.Rd6 e5 45.fxe5 Bxe5 46.Rb6 Bc3 47.Rb5 Rxb5 48.axb5 Kc7 49.Ke4 Kd7 50.Kf5 Ke7
51.g4 Be1 52.Kg6 Bc3 53.Kf5 Be1 54.h3 Bf2 55.Nxa5 b6 56.Nc4 Kf7 57.h4 Bxh4
58.Nxb6 Bg3 59.Nc4 g6+ 60.Kg5  1-0

[Event "FSFMB August 2013"]
[Site "Budapest HUN"]
[Date "2013.08.08"]
[Round "6.2"]
[White "Darnell,Anton"]
[Black "Steer,J"]
[Result "1/2-1/2"]
[WhiteElo "1743"]
[BlackElo "1918"]

1.d4 d5 2.c4 c6 3.Nf3 Nf6 4.Nc3 dxc4 5.a4 Bf5 6.e3 Bd3 7.Bxd3 cxd3 8.Qxd3 e6
9.e4 Be7 10.O-O O-O 11.Rd1 Re8 12.a5 Na6 13.Qc4 Rc8 14.Be3 h6 15.h3 Bb4 16.Qb3 Qc7
17.e5 Nd5 18.Nxd5 cxd5 19.Rdc1 Qd7 20.Bd2 Bxd2 21.Nxd2 Rxc1+ 22.Rxc1 Rc8
23.Rc3 Rxc3 24.Qxc3 Nb8 25.Nb3 b6 26.axb6 axb6 27.f4 g6 28.Kf2 Kg7 29.Ke3 Qb5
30.Qd3 Qb4 31.Qc3 Qb5  1/2-1/2

[Event "FSFMA2 August 2013"]
[Site "Budapest HUN"]
[Date "2013.08.09"]
[Round "6.2"]
[White "Gruter,Martin"]
[Black "Bartha,S"]
[Result "0-1"]
[WhiteElo "1854"]
[BlackElo "2135"]

1.d4 d5 2.c4 c6 3.Nf3 Nf6 4.Nc3 dxc4 5.a4 Bf5 6.Ne5 Nbd7 7.Nxc4 e6 8.f3 Bb4
9.e4 Bg6 10.Be2 O-O 11.O-O h6 12.Qb3 a5 13.Na2 c5 14.Nxb4 cxb4 15.Bf4 Ne8
16.Rac1 Kh8 17.Nd6 Qb6 18.Nb5 f5 19.Be3 Qd8 20.exf5 exf5 21.Bf4 Bf7 22.Bc4 Bxc4
23.Qxc4 Ra6 24.Qd5 Rg6 25.Qxb7 Nb6 26.Qa6 Qh4 27.Be5 Qg5 28.Rc2 Nc4 29.Qb7 Ne3
30.f4 Qh4 31.Rc8 Nxf1 32.Kxf1 Qxh2 33.Nd6 Qh1+ 34.Kf2 Qh4+ 35.Ke2 Qg4+ 36.Kd2 Nxd6
37.Rxf8+ Kh7 38.Bxd6 Rxd6 39.Kd3 Qd1+ 40.Kc4 Qxd4+ 41.Kb5 Rd5+ 42.Ka6 Qc4+
43.Qb5 Rxb5 44.axb5 a4  0-1

[Event "FSFMA2 August 2013"]
[Site "Budapest HUN"]
[Date "2013.08.12"]
[Round "9.3"]
[White "Juhasz,Bel"]
[Black "Bartha,S"]
[Result "1/2-1/2"]
[WhiteElo "2194"]
[BlackElo "2135"]

1.d4 d5 2.c4 c6 3.Nf3 Nf6 4.Nc3 dxc4 5.a4 Bf5 6.e3 e6 7.Bxc4 Bb4 8.O-O O-O
9.Qe2 a5 10.Bd2 Nbd7 11.Rac1 Qe7 12.Rfd1 Rfe8 13.e4 Bg4 14.Bd3 Rac8 15.e5 Nd5  1/2-1/2

[Event "FSFMB August 2013"]
[Site "Budapest HUN"]
[Date "2013.08.12"]
[Round "10.4"]
[White "Bacsi,A"]
[Black "Steer,J"]
[Result "1/2-1/2"]
[WhiteElo "1871"]
[BlackElo "1918"]

1.Nf3 Nf6 2.c4 c6 3.d4 d5 4.Nc3 dxc4 5.a4 Bf5 6.e3 Bd3 7.Bxd3 cxd3 8.Qxd3 e6
9.O-O Be7 10.e4 Nbd7  1/2-1/2

[Event "28th Metropolitan GM"]
[Site "Los Angeles USA"]
[Date "2013.08.14"]
[Round "2"]
[White "Shen,V"]
[Black "Khachiyan,M"]
[Result "1/2-1/2"]
[WhiteElo "2415"]
[BlackElo "2508"]

1.d4 Nf6 2.c4 c6 3.Nc3 d5 4.Nf3 dxc4 5.a4 Bf5 6.Nh4 Bc8 7.Nf3 Bf5 8.Nh4 Bc8
9.e3 e5 10.Bxc4 exd4 11.exd4 Be7 12.O-O O-O 13.Re1 Nd5 14.Nf3 Be6 15.Qb3 Qb6
16.Nxd5 cxd5 17.Bxd5 Qxb3 18.Bxb3 Bxb3 19.Rxe7 Bd5  1/2-1/2

[Event "6th Maria Albulet"]
[Site "Braila ROU"]
[Date "2013.08.15"]
[Round "8.1"]
[White "Raeva,E"]
[Black "Osmak,Iulija"]
[Result "1-0"]
[WhiteElo "2292"]
[BlackElo "2203"]

1.d4 d5 2.c4 c6 3.Nc3 Nf6 4.Nf3 dxc4 5.a4 Bf5 6.Ne5 Nbd7 7.Nxc4 Nb6 8.Ne5 a5
9.e3 e6 10.Bd3 Bxd3 11.Nxd3 Be7 12.O-O O-O 13.Qe2 Bb4 14.Rd1 Qe7 15.e4 h6
16.e5 Nfd5 17.Ne4 Rfd8 18.Ndc5 Bxc5 19.Nxc5 Nb4 20.Ra3 N6d5 21.Rg3 Kh7 22.Qh5 Qf8
23.Ne4 Ne7 24.Bxh6 gxh6 25.Ng5+ Kh8 26.Nxf7+ Kh7 27.Ng5+ Kh8 28.Nxe6 Qf5
29.Qxh6+ Qh7 30.Qf6+  1-0

[Event "9th BDO Challenger"]
[Site "Haarlem NED"]
[Date "2013.08.17"]
[Round "1.4"]
[White "Akshat,Kh"]
[Black "Pijpers,A"]
[Result "1-0"]
[WhiteElo "2354"]
[BlackElo "2364"]

1.d4 d5 2.c4 c6 3.Nf3 Nf6 4.Nc3 dxc4 5.a4 Bf5 6.e3 e6 7.Bxc4 Bb4 8.O-O O-O
9.Nh4 Bg4 10.f3 Bh5 11.g4 Nd5 12.Ng2 Bg6 13.Ne2 c5 14.e4 Nb6 15.Bd3 Nc6 16.a5 Nxa5
17.f4 f5 18.exf5 exf5 19.Kh1 Qd5 20.Ng3 Nb3 21.gxf5 Bf7 22.f6 gxf6 23.Qg4+ Kh8
24.Bxh7 Nxa1 25.Qh4 Bh5 26.Bf5 Kg8 27.Qxh5 Rf7 28.Ne4 Kf8 29.dxc5 Nc4 30.Qh8+ Ke7
31.Qxa8 Qxf5 32.Qxb7+ Kf8 33.Qa8+ Kg7 34.Nh4 Qh7 35.Rg1+ Kh6 36.f5+ Kh5 37.Ng6  1-0

[Event "Caissa GM Aug 2013"]
[Site "Kecskemet HUN"]
[Date "2013.08.17"]
[Round "1.3"]
[White "Santarius,E"]
[Black "Jia,H"]
[Result "1-0"]
[WhiteElo "2263"]
[BlackElo "2363"]

1.d4 d5 2.c4 c6 3.Nc3 Nf6 4.Nf3 dxc4 5.a4 Bf5 6.Ne5 Nbd7 7.Nxc4 Nb6 8.Ne5 a5
9.f3 Nfd7 10.Nd3 Bxd3 11.Qxd3 e6 12.e4 Bb4 13.Be2 Qh4+ 14.g3 Qe7 15.O-O O-O
16.Rd1 Rfd8 17.Qc2 e5 18.Kg2 exd4 19.Rxd4 Bc5 20.Rd1 Ne5 21.b3 Rxd1 22.Nxd1 Bd4
23.Ba3 Qe6 24.Nb2 c5 25.Rd1 Nbd7 26.Nc4 Nc6 27.Qd2 h6 28.h4 b6 29.Bc1 Rb8
30.Re1 b5 31.axb5 Rxb5 32.Qa2 Rb7 33.Bd2 Nde5 34.f4 Nd7 35.e5 Nb6 36.Nxb6 Rxb6
37.Bc4 Qe7 38.e6 f5 39.Bxa5 Nxa5 40.Qxa5 Rd6 41.Qa8+ Kh7 42.h5 Bf6 43.Re2 Rd8
44.Qf3 Qd6 45.Qf1 Kh8 46.Kh2 Qc6 47.Qb1 Qf3 48.Qxf5 Rd1 49.Rg2 Qe3 50.e7 Qxe7
51.Bd3 g6 52.Qxg6 Qg7 53.Qf5 Re1 54.Qxc5  1-0

[Event "74th ch-ARM 1st League"]
[Site "Yerevan ARM"]
[Date "2013.08.21"]
[Round "1.4"]
[White "Hayrapetyan,Ho"]
[Black "Baghdasaryan,V"]
[Result "1/2-1/2"]
[WhiteElo "2486"]
[BlackElo "2414"]

1.d4 d5 2.Nf3 Nf6 3.c4 c6 4.Nc3 dxc4 5.a4 Bf5 6.e3 e6 7.Bxc4 Bb4 8.O-O O-O
9.Qe2 Nbd7 10.e4 Bg6 11.e5 Nd5 12.Nxd5 cxd5 13.Bd3 Qb6 14.Be3 Bxd3 15.Qxd3 Qa6
16.Qxa6 bxa6 17.Rfc1 Rfc8 18.Rxc8+ Rxc8 19.Rc1 Rxc1+ 20.Bxc1 f6 21.Be3 Kf7
22.g4 Nb6 23.b3 Nd7 24.Kf1 Nb8 25.Ke2 Nc6 26.Kd3 Ba5 27.exf6 gxf6 28.Bf4 Nb4+
29.Ke2 Nc6 30.g5 Bc3 31.Kd3 Ba1 32.gxf6 Kxf6 33.Bd2 a5 34.h3 h5 35.Bf4 Nb4+
36.Ke3 Nc6 37.Be5+ Kf5 38.Nh4+ Kg5 39.Ng2 Nb4 40.Nf4 Kf5 41.Nxh5 Kg6 42.Nf4+ Kf5
43.Ne2 Kg5 44.Kf3 Nc6 45.Bf4+ Kh4 46.Bg3+ Kg5 47.Ke3 Nb4 48.f4+ Kf5 49.Bf2 Nc2+
50.Kf3 Bb2 51.h4 Na1 52.Ng3+ Kf6 53.Kg4 Nxb3 54.Ne2 Nd2 55.h5 Nc4 56.Bh4+ Kf7
57.Bd8 Ne3+ 58.Kg5 Nf5 59.Bf6 Ba3 60.Be5 Be7+ 61.Kg4 Ne3+ 62.Kf3 Nc4 63.f5 exf5
64.Kf4 Ke6 65.h6 Bf8 66.Bg7 Bxg7 67.hxg7 Kf7 68.Nc3 Nb6 69.Kxf5 Kxg7 70.Ke6 Kg6
71.Kd6 Kf5 72.Kc6 Kg4 73.Nxd5 Nxa4 74.Kb5 Kf5 75.Kxa4  1/2-1/2

[Event "12th Lichtenberger Sommer"]
[Site "Berlin GER"]
[Date "2013.08.22"]
[Round "6.91"]
[White "Linden,R"]
[Black "Bender,Se2"]
[Result "0-1"]
[WhiteElo "1740"]
[BlackElo "1921"]

1.d4 d5 2.c4 c6 3.Nf3 Nf6 4.Nc3 dxc4 5.a4 Bf5 6.e3 e6 7.Bxc4 Bb4 8.O-O O-O
9.Bd3 Bxd3 10.Qxd3 c5 11.Ne4 Nc6 12.Nxf6+ Qxf6 13.dxc5 Rfd8 14.Qb3 Qe7 15.Qc2 Qxc5
16.Qxc5 Bxc5 17.Bd2 Rd3 18.Bc3 Rad8 19.Rfe1 R3d5 20.Rab1 Be7 21.e4 Rd3 22.Kf1 h6
23.Ke2 Bc5 24.Bd2 Ne5 25.Red1 Nxf3 26.gxf3 Bxf2 27.Bb4 Rxd1 28.Rxd1 Rxd1
29.Kxd1 Bg1 30.Bd6 Bd4 31.b4 f5 32.e5 Kf7 33.Ke2 Bg1 34.h3 g5 35.b5 Bb6 36.Bb4 Bc7
37.Bc3 Kg6 38.a5 a6 39.b6 Bd8 40.Ke3 Be7 41.f4 g4 42.hxg4 fxg4 43.Be1 Kf5
44.Bd2 h5 45.Kf2 Ke4 46.Kg3 Kf5 47.Kf2 h4 48.Kg2 Ke4 49.Kf2 Bc5+ 50.Kg2 Kd3
51.Be1 h3+ 52.Kg3 Ke2 53.Bc3 Kd3 54.Be1 Ke4 55.Bd2 Bd4 56.Kh2 Kf3 57.Be1 Kxf4
58.Bg3+ Kf5 59.Kh1 Bxe5 60.Bf2 Bc3 61.Be3 Bxa5 62.Kh2 Ke4 63.Bg1 Kf3 64.Bc5 e5
65.Kh1 e4  0-1

[Event "Brasschaat Open 2013"]
[Site "Brasschaat BEL"]
[Date "2013.08.22"]
[Round "6.14"]
[White "Boucquet,Emile"]
[Black "Sterckx,Pieter"]
[Result "1-0"]
[WhiteElo "2055"]
[BlackElo "1705"]

1.d4 d5 2.c4 c6 3.Nf3 Nf6 4.Nc3 dxc4 5.a4 Bf5 6.Ne5 Nbd7 7.Nxc4 e6 8.a5 b5
9.axb6 axb6 10.Bg5 Bb4 11.f3 Rxa1 12.Qxa1 Qb8 13.e4 Nxe4 14.fxe4 Bxe4 15.Nd2 O-O
16.Ncxe4 f6 17.Be3 f5 18.Nc3 Nf6 19.Be2 e5 20.O-O f4 21.Bf2 Bxc3 22.bxc3 e4
23.Bh4 Nd5 24.Nxe4  1-0

[Event "74th ch-ARM 1st League"]
[Site "Yerevan ARM"]
[Date "2013.08.23"]
[Round "3.6"]
[White "Kotanjian,T"]
[Black "Baghdasaryan,V"]
[Result "1-0"]
[WhiteElo "2500"]
[BlackElo "2414"]

1.d4 d5 2.c4 c6 3.Nf3 Nf6 4.Nc3 dxc4 5.a4 Bf5 6.Ne5 Nbd7 7.Nxc4 Qc7 8.g3 e5
9.dxe5 Nxe5 10.Bf4 Nfd7 11.Bg2 g5 12.Ne3 gxf4 13.Nxf5 fxg3 14.hxg3 O-O-O
15.Qc2 Kb8 16.O-O-O Bb4 17.Kb1 Qa5 18.Na2 Nb6 19.b3 h5 20.e3 f6 21.Rxd8+ Rxd8
22.Nd4 Ba3 23.Qc3 Qxc3 24.Nxc3 c5 25.Nc2 Rd3 26.Nxa3 Rxc3 27.Nb5 Rxb3+ 28.Kc2 Rb4
29.Rxh5 Nf7 30.Nc3 Nxa4 31.Nxa4 Rxa4 32.Bd5 Ne5 33.e4 c4 34.f4 Nd7 35.g4 Ra2+
36.Kc3 Rf2 37.Rh7 Rf3+ 38.Kd2 Nc5 39.g5 fxg5 40.fxg5 Rg3 41.Rg7 b5 42.g6 c3+
43.Kc2 b4 44.e5 a5 45.e6 a4 46.e7 b3+ 47.Kd1 c2+ 48.Ke2 Re3+ 49.Kxe3 c1=Q+
50.Kd4 Qf4+ 51.Kxc5 Qe3+ 52.Kd6 Qf4+ 53.Kd7 Qc7+ 54.Ke6 Qc8+ 55.Kf6 Qc3+
56.Kf7 Qc7 57.Kf8 Qd6 58.Rf7 b2 59.Ba2 a3 60.g7 b1=Q 61.Bxb1 a2 62.Bxa2 Ka8
63.g8=Q  1-0